| 000 | 01488nam a2200385Ia 4500 | ||
|---|---|---|---|
| 001 | 9781315884264 | ||
| 003 | BD-DhSAU | ||
| 005 | 20151012151720.0 | ||
| 006 | m|||||o||d|||||||| | ||
| 007 | cr|||| | ||
| 008 | 131017s2014 enkad ob 001 0 eng d | ||
| 020 | _a9781315884264 (e-book : PDF) | ||
| 040 |
_aBD-DhSAU _cBD-DhSAU |
||
| 090 |
_aHC79.P6 _bC58 2014 |
||
| 092 |
_a362.552 _bC649 |
||
| 100 | 1 |
_aClunies Ross, Anthony, _d1932- |
|
| 245 | 1 | 4 |
_aThe universal social safety-net and the attack on world poverty _h[electronic resource] : _bpressing need, manageable cost, practical possibilities, favourable spillovers / _cAnthony Clunies-Ross and Mozammel Huq. |
| 260 |
_aAbingdon, Oxon : _bRoutledge, _c2014. |
||
| 300 |
_axxii, 200 p. : _bill. |
||
| 490 | 1 |
_aRoutledge studies in development economics ; _v105 |
|
| 504 | _aIncludes bibliographical references and index. | ||
| 505 | 0 | _apt. 1. Case for a safety-net -- pt. 2. Ways and means -- pt. 3. Another window -- pt. 4. Summary. | |
| 530 | _aAlso available in print edition. | ||
| 538 | _aMode of access: World Wide Web. | ||
| 650 | 0 | _aPoverty. | |
| 650 | 0 | _aIncome. | |
| 650 | 0 | _aEconomic security. | |
| 650 | 0 | _aPublic welfare. | |
| 650 | 0 | _aWelfare economics. | |
| 655 | 7 |
_aElectronic books. _2lcsh |
|
| 700 | 1 | _aHuq, M. M. | |
| 776 | 1 | _z9780415527668 (hardback) | |
| 830 | 0 |
_aRoutledge studies in development economics ; _v105. |
|
| 856 | 4 | 0 | _uhttp://www.tandfebooks.com/isbn/9781315884264 |
| 999 |
_c12740 _d12739 |
||